মোঙ্গল ও তাতারদের ইতিহাস (১ম -২য় খণ্ড) / (Record no. 2635)

MARC details
000 -LEADER
fixed length control field 01043nam a2200241 a 4500
003 - CONTROL NUMBER IDENTIFIER
control field BD-DhJNU
005 - DATE AND TIME OF LATEST TRANSACTION
control field 20260218085510.0
008 - FIXED-LENGTH DATA ELEMENTS--GENERAL INFORMATION
fixed length control field 251108s2023 bg |||g |||| 000 1|ben|d
020 ## - INTERNATIONAL STANDARD BOOK NUMBER
International Standard Book Number 9789849659020
040 ## - CATALOGING SOURCE
Original cataloging agency BD-DhJNU
Language of cataloging ben
Transcribing agency BD-DhJNU
Modifying agency BD-DhJNU
041 ## - LANGUAGE CODE
Language code of text/sound track or separate title ben
082 ## - DEWEY DECIMAL CLASSIFICATION NUMBER
Classification number 950.21 SAM
Edition number 23
100 ## - MAIN ENTRY--PERSONAL NAME
Personal name সাল্লাবি, আলি মুহাম্মদ
245 10 - TITLE STATEMENT
Title মোঙ্গল ও তাতারদের ইতিহাস (১ম -২য় খণ্ড) /
Statement of responsibility, etc. আলি মুহাম্মদ সাল্লাবি
246 ## - VARYING FORM OF TITLE
Title proper/short title Mongol o tatard-er itihash
250 ## - EDITION STATEMENT
Edition statement 1st ed.
260 ## - PUBLICATION, DISTRIBUTION, ETC.
Place of publication, distribution, etc. সিলেট :
Name of publisher, distributor, etc. কালান্তর প্রকাশনী,
Date of publication, distribution, etc. 2023.
300 ## - PHYSICAL DESCRIPTION
Extent ৩৫৯ পৃ. :
Other physical details চিত্র ;
Dimensions ২২ সেমি.।
504 ## - BIBLIOGRAPHY, ETC. NOTE
Bibliography, etc. note গ্রন্থপঞ্জিগত নির্দেশিকা ও নিঘন্ট অন্তভূক্ত
650 ## - SUBJECT ADDED ENTRY--TOPICAL TERM
Topical term or geographic name entry element মোঙ্গল সাম্রাজ্য
650 ## - SUBJECT ADDED ENTRY--TOPICAL TERM
Topical term or geographic name entry element Mongol Empire
942 ## - ADDED ENTRY ELEMENTS (KOHA)
Koha item type Books
Holdings
Withdrawn status Lost status Source of classification or shelving scheme Damaged status Not for loan Collection Home library Current library Shelving location Date acquired Source of acquisition Total checkouts Full call number Barcode Date last seen Copy number Price effective from Koha item type
    Dewey Decimal Classification     Non-fiction Jagannath University Central Library Jagannath University Central Library General stacks 02/18/2026 Purchased   950.21 SAM JNUCL36110 02/18/2026 1 02/18/2026 Books
    Dewey Decimal Classification     Non-fiction Jagannath University Central Library Jagannath University Central Library General stacks 02/18/2026 Purchased   950.21 SAM JNUCL36111 02/18/2026 2 02/18/2026 Books
    Dewey Decimal Classification     Non-fiction Jagannath University Central Library Jagannath University Central Library General stacks 02/18/2026 Purchased   950.21 SAM JNUCL36112 02/18/2026 3 02/18/2026 Books
    Dewey Decimal Classification     Non-fiction Jagannath University Central Library Jagannath University Central Library General stacks 02/18/2026 Purchased   950.21 SAM JNUCL36113 02/18/2026 4 02/18/2026 Books